[Event "AUTO-ADV-4934"]
[Site "http://www.queenalice.com/game.php?id=1872846"]
[Date "2026.5.3"]
[Round "1"]
[White "carlitomontana93270"]
[Black "Fauquinelle"]
[Result "0-1"]
[WhiteElo "1861"]
[BlackElo "2055"]

1. c4 Nf6 2. d3 e5 3. e3 Bb4+ 4. Bd2 Bc5 5. Nf3 O-O 6. Be2 Nc6 7. O-O Rb8 8. b3
d5 9. cxd5 Qxd5 10. e4 Qd6 11. Nc3 Nd4 12. Nxd4 Bxd4 13. Rc1 Bd7 14. Re1 c6 15.
Bg5 h6 16. Bd2 Be6 17. Bf3 Rfc8 18. Ne2 Bb2 19. Rb1 Ba3 20. Ng3 b5 21. Be3 a6
22. d4 Rd8 23. dxe5 Qxe5 24. Qc2 Rbc8 25. Red1 Rxd1+ 26. Rxd1 c5 27. Ne2 c4 28.
bxc4 Rxc4 29. Bf4 Qc5 30. Qd3 g5 31. Qd8+ Kg7 32. Be3 Qe7 33. Qd3 Bc5 34. Bxc5
Qxc5 35. Ng3 Ng4 36. h3 Qxf2+ 37. Kh1 Ne5 38. Nh5+ Kg6 39. Qd8 Nxf3 40. Qf6+
Kxh5 41. g4+ Kh4 42. Qxh6+ Kg3 0-1

[Event "AUTO-ADV-4934"]
[Site "http://www.queenalice.com/game.php?id=1872848"]
[Date "2026.5.3"]
[Round "1"]
[White "carlitomontana93270"]
[Black "Fischercat"]
[Result "1-0"]
[WhiteElo "1839"]
[BlackElo "1939"]

1. c4 c5 2. d3 e5 3. g3 Be7 4. Bg2 Nc6 5. Nf3 d6 6. O-O Nf6 7. Nc3 O-O 8. Bg5
Bg4 9. e3 a6 10. h3 Be6 11. Re1 Qd7 12. Kh2 h6 13. Bxf6 Bxf6 14. Ne4 b5 15.
Nxf6+ gxf6 16. cxb5 axb5 17. Nd2 d5 18. Qe2 Nb4 19. Nf3 e4 20. dxe4 dxe4 21. Ng1
f5 22. a3 Nd5 23. Red1 Qc6 24. Qh5 Kh7 25. Ne2 Nf6 26. Qh4 Bb3 27. Rd2 Rg8 28.
Nf4 Nd5 29. Nxd5 Bxd5 30. Rad1 Rad8 31. Qf4 Qe6 32. Qc7 Rd7 33. Qxc5 Bc6 34.
Rxd7 Bxd7 35. Qd4 Bc6 36. Rd2 h5 37. Qb6 h4 38. Rd8 hxg3+ 39. fxg3 Rg6 40. Qd4
Rg8 41. Rd6 1-0

[Event "AUTO-ADV-4934"]
[Site "http://www.queenalice.com/game.php?id=1872849"]
[Date "2026.5.3"]
[Round "1"]
[White "Fischercat"]
[Black "carlitomontana93270"]
[Result "0-1"]
[WhiteElo "1989"]
[BlackElo "1839"]

1. d4 e6 2. e4 c5 3. d5 exd5 4. exd5 d6 5. Na3 Nf6 6. c4 Be7 7. Be2 O-O 8. h3
Bf5 9. Nf3 Nbd7 10. O-O Nb6 11. Bg5 Re8 12. Nb5 a6 13. Nc3 Nbd7 14. Nh4 Bg6 15.
Nxg6 fxg6 16. a3 Ne5 17. b3 Nfd7 18. Bxe7 Rxe7 19. Ra2 Qe8 20. b4 cxb4 21. axb4
Rc8 22. f4 Nf7 23. Bg4 Rd8 24. b5 axb5 25. Nxb5 Nc5 26. Be6 Nxe6 27. f5 Neg5 28.
f6 gxf6 29. Rxf6 Re1+ 0-1

[Event "AUTO-ADV-4934"]
[Site "http://www.queenalice.com/game.php?id=1872851"]
[Date "2026.5.3"]
[Round "1"]
[White "MHRangel"]
[Black "carlitomontana93270"]
[Result "1-0"]
[WhiteElo "1907"]
[BlackElo "1872"]

1. d4 e6 2. c4 c5 3. d5 exd5 4. cxd5 d6 5. e4 Nf6 6. Nc3 Be7 7. Bb5+ Bd7 8.
Bxd7+ Nbxd7 9. Nf3 O-O 10. O-O Ne5 11. Nxe5 dxe5 12. Qb3 b6 13. Rd1 Bd6 14. Bg5
h6 15. Bxf6 Qxf6 16. Nb5 Be7 17. d6 Bd8 18. Qd5 a6 19. Qxa8 axb5 20. Qc6 b4 21.
Qc8 b5 22. Qxc5 Qe6 23. Qxb5 Bg5 24. Qxb4 Rd8 25. a4 Qd7 26. g3 Kh7 27. a5 Qa7
28. a6 h5 29. Qb7 Qc5 30. Qxf7 Rxd6 31. a7 Rf6 32. Qxh5+ Bh6 33. Qe2 Rxf2 34.
Qxf2 Be3 35. Rf1 Bxf2+ 36. Rxf2 1-0

[Event "AUTO-ADV-4935"]
[Site "http://www.queenalice.com/game.php?id=1873140"]
[Date "2026.5.8"]
[Round "1"]
[White "pomar"]
[Black "carlitomontana93270"]
[Result "1-0"]
[WhiteElo "1814"]
[BlackElo "1859"]

1. f3 c5 2. Kf2 d6 3. e3 e6 4. d4 cxd4 5. exd4 Nf6 6. Bd3 g6 7. Ne2 Bg7 8. Re1
O-O 9. Nd2 Nc6 10. c3 d5 11. Ng3 Bd7 12. f4 Qc7 13. Nf3 Ng4+ 14. Kf1 Rfe8 15. h3
Nf6 16. Ne5 Bc8 17. Ne2 Nd7 18. Bb5 Ndxe5 19. fxe5 a6 20. Bxc6 Qxc6 21. Ng3 Bd7
22. h4 Qb5+ 23. Kg1 Qc4 24. h5 gxh5 25. Nxh5 Kf8 26. Nf6 Red8 27. Nxh7+ Ke7 28.
Bg5+ Ke8 29. Qh5 Bb5 30. Bf6 Bxf6 31. Nxf6+ Ke7 32. Ng4 Rh8 33. Qg5+ Kd7 34. Qg7
Raf8 35. Rf1 Ke8 36. Rxf7 Rxf7 37. Qxh8+ Kd7 38. Nf6+ Kc6 39. Qe8+ Kb6 40. Qxe6+
Ka7 41. Qxf7 Qd3 42. Qxd5 Qe3+ 43. Kh2 Qf4+ 44. Kh3 Qf5+ 45. g4 Bf1+ 46. Kg3
Qd3+ 47. Kh4 Qh3+ 48. Kg5 Qe3+ 49. Kf5 Bd3+ 50. Ke6 Qe2 51. g5 Bc4 52. Kd6 Bxd5
53. Kxd5 Qg2+ 54. Ne4 Qg4 55. Rf1 Qd7+ 56. Nd6 Qg4 57. Rf7 Qxg5 58. Rxb7+ Ka8
59. Rf7 Qg2+ 60. Kc5 Qg6 61. Kb6 Qb1 62. Rf8# 1-0

[Event "AUTO-ADV-4935"]
[Site "http://www.queenalice.com/game.php?id=1873141"]
[Date "2026.5.8"]
[Round "1"]
[White "carlitomontana93270"]
[Black "pomar"]
[Result "0-1"]
[WhiteElo "1857"]
[BlackElo "1803"]

1. c4 e6 2. d3 c5 3. e3 Nc6 4. Nf3 Qb6 5. Nc3 Nf6 6. Be2 Be7 7. O-O a6 8. Bd2
Qxb2 9. Rb1 Qa3 10. Rb3 Qa5 11. Nd5 Qxa2 12. Nc7+ Kd8 13. Nxa8 d5 14. cxd5 exd5
15. Nb6 Be6 16. Rb2 Qxb2 17. Na4 Qa3 18. Nc3 Kd7 19. Nb1 Qa2 20. Nc3 Qa3 21. h3
Nb4 22. Ne5+ Kc7 23. Nb1 Qa5 24. Bg4 Bd6 25. Bxe6 fxe6 26. Nf7 Rf8 27. Nxd6 Kxd6
28. Qb3 Qa2 29. Qc3 Qc2 30. Na3 Qxd3 31. Qb2 Ne4 32. Bxb4 cxb4 33. Nb1 a5 34.
Qxg7 Rxf2 35. Re1 Rb2 36. Qf8+ Kc6 37. Rc1+ Kb6 38. Qd8+ Ka6 39. Qa8+ Kb6 40.
Qd8+ Ka7 41. Rc8 Qxe3+ 42. Kh2 Qg3+ 0-1

[Event "AUTO-ADV-4935"]
[Site "http://www.queenalice.com/game.php?id=1873152"]
[Date "2026.5.8"]
[Round "1"]
[White "Quanah4"]
[Black "carlitomontana93270"]
[Result "1/2-1/2"]
[WhiteElo "1843"]
[BlackElo "1839"]

1. c4 f5 2. g3 e6 3. Bg2 d6 4. e3 Nc6 5. d4 Bd7 6. Nc3 Nf6 7. Nge2 Be7 8. O-O
O-O 9. b3 Rb8 10. Qc2 a6 11. Bb2 Nb4 12. Qd2 Bc6 13. f3 Bd7 14. e4 fxe4 15. Nxe4
Nxe4 16. fxe4 Nc6 17. Nf4 Bg5 18. Qc3 Qe7 19. Rae1 e5 20. Ne2 Rxf1+ 21. Rxf1 Rf8
22. d5 Nd8 23. Bc1 Rxf1+ 24. Kxf1 Qf6+ 25. Qf3 Qxf3+ 26. Bxf3 Nf7 27. Bxg5 Nxg5
28. Bg2 Bg4 29. h4 Nf7 30. Kf2 b6 31. a3 Nh6 32. b4 Bd7 33. Bf3 Bg4 34. Nc1 Bxf3
35. Kxf3 Kf7 36. Nd3 Kg6 37. c5 bxc5 38. bxc5 a5 39. cxd6 cxd6 40. a4 Nf7 41.
Nc1 Nd8 42. Kg4 Nb7 43. Nb3 Kf6 1/2-1/2

[Event "AUTO-ADV-4935"]
[Site "http://www.queenalice.com/game.php?id=1873153"]
[Date "2026.5.8"]
[Round "1"]
[White "carlitomontana93270"]
[Black "Quanah4"]
[Result "0-1"]
[WhiteElo "1871"]
[BlackElo "1840"]

1. c4 c5 2. d3 g6 3. Nc3 Bg7 4. Nf3 Nc6 5. g3 e6 6. Bg2 Nge7 7. O-O a6 8. Bd2 d5
9. cxd5 exd5 10. Bg5 f6 11. Bd2 O-O 12. Re1 b5 13. e3 Be6 14. b3 Re8 15. Ne2 Rc8
16. Rc1 f5 17. Bc3 d4 18. exd4 cxd4 19. Bd2 Nd5 20. Bg5 Qd7 21. Nexd4 Nxd4 22.
Nxd4 Bxd4 23. Rxc8 Rxc8 24. Qe2 Bf7 25. h3 Re8 26. Qd2 Rxe1+ 27. Qxe1 Qe6 28.
Qb4 Nxb4 0-1

[Event "AUTO-ADV-4935"]
[Site "http://www.queenalice.com/game.php?id=1873160"]
[Date "2026.5.8"]
[Round "1"]
[White "carlitomontana93270"]
[Black "dimitridruloza2012"]
[Result "0-1"]
[WhiteElo "1895"]
[BlackElo "1846"]

1. c4 b6 2. d3 g6 3. e3 Bb7 4. Nf3 Bg7 5. d4 Nf6 6. Be2 Nc6 7. O-O e6 8. Nc3 Qe7
9. Bd2 Nh5 10. Rc1 O-O-O 11. Re1 Qf6 12. a3 a5 13. d5 Ne5 14. Nxe5 Qxe5 15. Bxh5
gxh5 16. e4 f5 17. exf5 Qxf5 18. Re3 exd5 19. Rf3 Qe5 20. Bf4 Qe7 21. Qd2 dxc4
22. Re1 Qh4 23. Rg3 Qf6 24. Be5 Qc6 25. Bxg7 Rhg8 26. Be5 Rxg3 27. f3 Rg6 28.
Bg3 Rdg8 29. Qf4 Kb8 30. Ne4 Qd5 31. Qxc7+ Ka7 32. Qf4 Qd4+ 33. Kh1 Qxb2 34. Nd6
h4 35. Qxh4 Rxd6 36. Rg1 Rd2 37. Qe7 h5 38. Qh4 Qxa3 39. Qxh5 Qc3 40. Qf7 Rxg3
41. hxg3 Qh8+ 0-1

[Event "AUTO-ADV-4935"]
[Site "http://www.queenalice.com/game.php?id=1873161"]
[Date "2026.5.8"]
[Round "1"]
[White "dimitridruloza2012"]
[Black "carlitomontana93270"]
[Result "1-0"]
[WhiteElo "1889"]
[BlackElo "1854"]

1. g3 c5 2. Bg2 e6 3. b3 Nf6 4. Bb2 Be7 5. Nf3 O-O 6. Nc3 Nc6 7. e3 d5 8. Ne2
Bd7 9. Ne5 Nxe5 10. Bxe5 Bc6 11. Nf4 Bd6 12. Bxf6 Qxf6 13. Nh5 Qg6 14. a4 Be5
15. c3 Be8 16. Qe2 f6 17. d4 cxd4 18. cxd4 Bd6 19. O-O Qxh5 20. Bf3 Qf7 21. Qd3
Qg6 22. Qc3 Bd7 23. a5 Bb5 24. Rfe1 Rac8 25. Qb2 Rc2 26. Qb1 Bd3 27. Rd1 Rc3 28.
Qb2 Rfc8 29. Rdc1 Rxc1+ 30. Rxc1 Rxc1+ 31. Qxc1 Qe8 32. Qd1 Ba6 33. Bh5 Qb5 34.
Kg2 b6 35. Qc2 Qd7 36. axb6 axb6 37. h4 Qb5 38. Bd1 Qd3 39. Qc1 h6 40. Bh5 Qe4+
41. Bf3 Qd3 42. Kh3 Qxb3 43. Qc6 Qb4 44. Bh5 Kh7 45. Qe8 Bf8 46. Bg6+ Kh8 47.
Qxe6 Bc4 48. Qf5 Qb5 49. Qh5 Bf1+ 50. Kh2 Qe2 51. Qf5 b5 52. Bf7 b4 53. Bxd5 Qb5
54. Qe6 Be2 55. Qg8# 1-0

[Event "AUTO-ADV-4908"]
[Site "http://www.queenalice.com/game.php?id=1873513"]
[Date "2026.5.18"]
[Round "2"]
[White "marcoswerneck"]
[Black "carlitomontana93270"]
[Result "0-1"]
[WhiteElo "1787"]
[BlackElo "1853"]

1. e4 c5 2. d3 d6 3. h3 Nc6 4. Nf3 e6 5. Be2 Nf6 6. Be3 Be7 7. a3 O-O 8. g4 Qb6
9. Qc1 Bd7 10. Nc3 a6 11. g5 Ne8 12. h4 g6 13. h5 e5 14. Nd5 Qd8 15. Qd2 Ng7 0-1

[Event "AUTO-ADV-4908"]
[Site "http://www.queenalice.com/game.php?id=1873514"]
[Date "2026.5.18"]
[Round "2"]
[White "carlitomontana93270"]
[Black "marcoswerneck"]
[Result "1-0"]
[WhiteElo "1866"]
[BlackElo "1774"]

1. c4 e5 2. d3 d6 3. Nc3 h6 4. g3 a6 5. Bg2 Nf6 6. Nf3 Be6 7. O-O g5 8. Qb3 b6
9. Nd2 h5 10. Bxa8 g4 11. Nde4 Be7 12. Bd5 Bxd5 13. Nxd5 Nxd5 14. cxd5 h4 15.
Be3 1-0